| 000 | 00723cab a2200241 4500 | ||
|---|---|---|---|
| 001 | ABS49899 | ||
| 008 | 090401t1994 xxu||||| |||| 00| 0 eng d | ||
| 035 | _a(Sirsi) u73255 | ||
| 041 | _aeng | ||
| 100 | _aCooper, P. | ||
| 245 | _aTime to cull | ||
| 260 | _c1994 | ||
| 350 | _a0 | ||
| 490 |
_aBuilding _v25997827) 21 January 1994, 18-20(3) |
||
| 520 | _aMaintains that one of the construction industry`s main problems is that there are too many firms in the market and examines the options for cutting overcrowding. | ||
| 650 | _aCONSTRUCTION COMPANIES | ||
| 650 | _aCONSTRUCTION INDUSTRY | ||
| 650 | _aRECESSION | ||
| 650 | _aTENDERING | ||
| 690 | _aBUILT ENVIRONMENT | ||
| 942 | _n0 | ||
| 948 | _c04/03/1997 | ||
| 999 |
_c46326 _d46326 |
||